| 000 | 00524nam a2200169 a 4500 | ||
|---|---|---|---|
| 001 | 000029723 | ||
| 005 | 20200930055745.0 | ||
| 008 | 110425s1983 dr 000 p spa d | ||
| 040 |
_aDO-SdBNP _bspa _cBNPHU |
||
| 082 |
_axxx _bA445d |
||
| 100 | 1 |
_aAlmánzar, Alejandro _956510 |
|
| 245 | 1 | 3 |
_aLa danza de la poesía / _cAlejandro Almánzar. |
| 260 |
_aSanto Domingo : _bFrahegio, _c1983. |
||
| 300 |
_a40 p. : _bil. ; _c16 cm. |
||
| 490 | 1 |
_aAntología de nuestra voz _vno. 8 |
|
| 830 | 0 |
_aAntología de nuestra voz _nno. 8 _956511 |
|
| 999 |
_c29215 _d29215 |
||